000 00721cam a2200241 a 4500
005 20260322212042.0
008 data
010 _a 82073031
020 _a0689113668
020 _a9780689113666
040 _aDLC
_cDLC
_dDLC
050 0 0 _aPN2287.W454
_bS7 1983
082 0 0 _aB
_aB
_219
100 1 _aStacy, Pat.
245 1 0 _aDuke: a love story :
_ban intimate memoir of John Wayne's last years /
_cPat Stacy & Beverly Linet.
250 _a1st ed.
260 _aNew York :
_bAtheneum,
_c1983.
300 _axvii, 233 p., [20] p. of plates :
_bill. ;
_c24 cm.
600 1 0 _aWayne, John,
_d1907-1979.
650 0 _aMotion picture actors and actresses
_zUnited States
_xBiography.
700 1 _aLinet, Beverly.
001 data
999 _c978
_d978